LEADER 01072nam a2200265 u 4500 001 000000055034 003 CaOOAMICUS 005 20070226115735.0 008 010112s1975 it u000 u ita u 035 $a10865404 040 $aPUL(R)$bita 100 1 $aLefebvre, Henri,$d1905-$0(OLS)http://pul/name/38854 240 10$aMatérialisme dialectique.$lItaliano.$0(OLS)http://pul/title/73738 245 13$aIl materialismo dialettico /$cHenri Lefebvre. 260 $aTorino :$bGiulio Einaudi,$c1975. 300 $axiv, 125 p. ;$c20 cm 490 1 $aReprints Einaudi ;$v45 504 $aBibliografia in nota. 650 4$aMaterialismo dialettico.$0(OLS)http://pul/subject/15119 830 0$aReprints Einaudi ;$v45.$0(OLS)http://pul/title/16411 850 $aPUL 852 $aPUL$W1$xDP1 Fondo Giannini$y60$m1557 F 41$j72420$nBK-PRI$b $qFondi$B72420$CPULBib$Z2$F72420 $H $81 941 1 $a1 996 $6245$aIl materialismo dialettico$9(OLS)http://pul/title/73739 996 $6260$aTorino :$bGiulio Einaudi$9(OLS)http://pul/publisher/54573 LEADER 01297nam a2200301 u 4500 001 000000081425 003 CaOOAMICUS 005 20070226123744.0 008 050322s1938 it u000 u ita u 035 $a11035581 040 $aPUL(R)$bita 041 1 $aita$hgrc 100 0 $aAristoteles,$d384-322 a.C.$0(OLS)http://pul/name/792 240 10$aParva naturalia$9(Aristoteles, 384-322 a.C.)$1Gruppi, scelte.$0(OLS)http://pul/title/106503 245 10$aDella memoria e della reminiscenza /$cAristotele ; con la parafrasi di W. Hamilton ; introduzione, traduzione e note di M. Giorgiantonio. 260 $aLanciano :$bCarabba,$c1938. 300 $a92 p. ;$c18 cm 490 1 $aCultura dell'anima ;$v15 504 $aComprende riferimenti bibliografici. 700 1 $aGiorgiantonio, Michele.$0(OLS)http://pul/name/38429 830 0$aCultura dell'anima (Carabba) ;$v15.$0(OLS)http://pul/title/12231 850 $aPUL 852 $aPUL$W1$xDP1 Fondo Cecchetti$y53$m260 N 72$j103867$nBK-PRI$b $qFondi$B103867$CPULBib$Z2$F103867 $82 900 $aAristotle,$d 384-322 a.C.$9792 900 $aAristotele,$d384-322 a.C.$9792 941 1 $a1 996 $6245$aDella memoria e della reminiscenza$9(OLS)http://pul/title/106504 996 $6260$aLanciano :$bCarabba$9(OLS)http://pul/publisher/51250